Stations du tramway de Grenoble sur une carte - Statistiques

Statistiques générales
  • Ce quiz a été pris 1 717 fois
    780 depuis la dernière actualisation
  • Le résultat moyen est 36 sur 82
Réponses sur la Carte
Les réponses sont colorées sur une échelle allant du rouge au vert en fonction du pourcentage des utilisateurs qui les ont devinées à leur premier essai. Vous pouvez retrouver ces pourcentages ci-dessous.
 
Statistiques - réponses
Ligne Arrêt % Correct
A/B/D Victor Hugo
92%
A/B/D/E Alsace-Lorraine
88%
A/C Chavant
86%
A/B/D Hubert Dubedout - Maison du Tourisme
82%
A Grand'place
78%
A La Poya
76%
A/B Saint-Bruno
76%
A/B/D Gares
74%
E Saint-Martin-le-Vinoux Hôtel de Ville
73%
B/D La Tronche Hôpital
71%
E Louise Michel
71%
C/D Neyrpic - Belledonne
71%
C Seyssinet-Pariset Hôtel de Ville
71%
A Verdun Préfecture
70%
C Grenoble Hôtel de Ville
69%
B/D Île Verte
68%
C/E Vallier - Libération
67%
B Oxford
65%
B/C Condillac - Universités
63%
C Le Prisme
62%
A MC2 - Maison de la Culture
61%
C Vallier - Catane
60%
B/D Sainte-Claire Les Halles
59%
A Albert 1er de Belgique
58%
B Plaine des Sports
57%
C Foch - Ferrié
56%
A L'Étoile
56%
A Arlequin
51%
B/D Notre-Dame Musée
50%
B/C Gabriel Fauré
49%
B/D Grand Sablon
49%
B/D Les Taillées - Universités
47%
A Pôle Sud - Alpexpo
46%
B/D Michallon
45%
A Mounier
45%
A Berriat - Le Magasin
44%
E Condorcet
44%
D Étienne Grappe
44%
C Flandrin Valmy
44%
B Gières Gare - Universités
42%
B Palais de Justice - Gare
42%
E Annie Fratellini - Esplanade
41%
B/C Bibliothèques Universitaires
41%
C Gustave Rivet
41%
C Péri - Brossolette
41%
C Vallier - Docteur Calmette
41%
A Malherbe
39%
B Marie-Louise Paris – CEA
39%
E Palluel
36%
A La Rampe - Centre-Ville
35%
A Échirolles Gare
34%
E Alliés
33%
B Cité Internationale
33%
E Horloge
31%
A La Bruyère - Parc Jean Verlhac
31%
E Casamaures - Village
30%
A Marie Curie
30%
A Denis Papin
28%
B Mayencin - Champ Roman
28%
A Essart La Butte
26%
A Les Fontainades - Le Vog
26%
A Louis Maisonnat
25%
D Maison Communale
25%
C Hector Berlioz - Universités
23%
A Fontaine Hôtel de Ville - La Source
22%
E Karben
22%
E Néron
22%
C Fauconnière
21%
E Fiancey - Prédieu
21%
A Les Granges
21%
D Parc Jo-Blanchon
21%
A Surieux
21%
E Pont de Vence
19%
C Grand Pré
18%
E La Pinéa - Saint-Robert
18%
A Charles Michels
16%
D Édouard Vaillant
16%
C Mas des Îles
16%
A Auguste Delaune
15%
E Muret
15%
E Rafour
15%
A Edmée Chandon
13%
Aucun quiz correspondant
Distribution des résultats
% des personnes avec chaque résultat
Percentile par nombre de réponses
Votre historique - résultats
Vous n’avez pas pris ce quiz depuis la dernière actualisation